000 00449nam a2200181Ia 4500
001 9461
005 20260306161720.0
008 260306t2021||||xx |||||||||||||| ||spa||
041 _aESP
082 _a379.1085
_bL51
100 _aLescano, Luis
_eAUT
245 0 _aEl régimen educativo en la Constitución del Perú de 1993
260 _c2021
300 _a39 páginas :
_c24 cm.
650 _aGEN
654 _aCED
942 _cLIB
_dJUS
_fJUS
_2ddc
_n
999 _c9461
_d9461